MARC

Tag First Indicator Second Indicator Subfields
LEADER 00000cam a2200000 a 4500
001 in00002787595
005 20211120170400.0
006 m d f
007 cr un|||||||||
008 120509s2011 mdu ob f001 0 eng
016 7 |a 101584018  |2 DNLM 
029 0 |a NLM  |b 101584018 
035 |a (OCoLC)ocn801915836 
040 |a NLM  |b eng  |c NLM  |d OCLCO  |d GPO  |d MvI  |d UtOrBLW 
042 |a pcc 
049 |a WWW 
060 0 0 |a W1  |b TR33LG v.53 2011 
060 1 0 |a WC 536 
074 |a 0497-D-18 (online) 
086 0 |a HE 20.418:53 
245 0 0 |a Addressing viral hepatitis in people with substance use disorders. 
264 1 |a Rockville, MD :  |b U.S. Dept. of Health and Human Services, Substance Abuse and Mental Health Services Administration, Center for Substance Abuse Treatment,  |c 2011. 
300 |a 1 online resource (146 pages). 
336 |a text  |b txt  |2 rdacontent 
337 |a computer  |b c  |2 rdamedia 
338 |a online resource  |b cr  |2 rdacarrier 
490 1 |a TIP ;  |v 53 
490 1 |a HHS publication ;  |v no. (SMA) 11-4656 
500 |a "Printed 2011"--P. 146. 
504 |a Includes bibliographical references and index. 
520 3 |a The main objective of this Treatment Improvement Protocol (TIP) is to improve care for clients with substance abuse disorders (SUDs) by increasing knowledge of viral hepatitis among staff in behavioral health programs that provide substance abuse treatment. Some surveys have shown that substance abuse treatment providers are not well informed about viral hepatitis. Clients often perceive that counselors do not have the information they need. With up-to-date information, counselors, health professionals, and administrators in SUD treatment settings can encourage clients to understand the serious nature of hepatitis, risk factors, the importance of liver wellness, screening, treatment options, and ways to avoid spreading--or contracting--hepatitis. Other behavioral health treatment providers (e.g., counselors in mental health treatment settings, nurses, mid-level providers) will also find useful information in this TIP. Information is provided in lay terms so that it can be understood by readers who do not have medical training. 
536 |a This publication was prepared for the Substance Abuse and Mental Health Services Administration (SAMHSA) by the Knowledge Application Program (KAP), a Joint Venture of The CDM Group, Inc., and JBS International, Inc., under contract numbers 270-04-7049 and 270-09-0307, with SAMHSA, U.S. Department of Health and Human Services (HHS). Christina Currier served as the Government Project Officer 
588 |a Description based on online resource; title from PDF t.p. (viewed on June 22, 2012). 
500 |a Electronic resource. 
650 1 2 |a Hepatitis, Viral, Human  |x diagnosis  |z United States  |v Guideline. 
650 1 2 |a Hepatitis, Viral, Human  |x therapy  |z United States  |v Guideline. 
650 2 2 |a Needs Assessment  |z United States  |v Guideline. 
650 2 2 |a Substance Abuse Treatment Centers  |z United States  |v Guideline. 
650 2 2 |a Substance-Related Disorders  |x complications  |z United States  |v Guideline. 
710 2 |a Center for Substance Abuse Treatment (U.S.) 
710 1 |a United States.  |b Substance Abuse and Mental Health Services Administration. 
830 0 |a Treatment improvement protocol (TIP) series ;  |v 53. 
830 0 |a HHS publication ;  |v no. (SMA) 11-4656. 
856 4 0 |u https://purl.fdlp.gov/GPO/gpo31527  |t 0 
999 |a MARS 
999 f f |s d5f02614-9b12-3e20-9958-32cbac6de0c4  |i 58423579-64d6-3209-b441-cf6d05a4258f  |t 0 
952 f f |a Texas A&M University  |b College Station  |c Electronic Resources  |d Available Online  |t 0  |e HE 20.418:53  |h Superintendent of Documents classification 
998 f f |a HE 20.418:53  |t 0  |l Available Online